Central Library OPAC University of Rajshahi

H. G. Wells and his critics / (Record no. 18668)

MARC details
000 -LEADER
fixed length control field 00743cam a2200241u 4500
001 - CONTROL NUMBER
control field 18668
003 - CONTROL NUMBER IDENTIFIER
rucl marc code BD-RjUL
005 - DATE AND TIME OF LATEST TRANSACTION
control field 20211209000322.0
008 - FIXED-LENGTH DATA ELEMENTS--GENERAL INFORMATION
fixed length control field 140222s1962 no 000 0 eng
035 ## - SYSTEM CONTROL NUMBER
System control number (BD-RjUL)18726
040 ## - CATALOGING SOURCE
Original cataloging agency DLC
Transcribing agency CarP
Modifying agency DLC
-- BD-RjUL
Language of cataloging eng
041 ## - LANGUAGE CODE
Language code of text/sound track or separate title eng
082 ## - DEWEY DECIMAL CLASSIFICATION NUMBER
Classification number 823.9
Author mark and year RAH
100 1# - MAIN ENTRY--PERSONAL NAME
Personal name Raknem, Ingvald,
Dates associated with a name 1910- [from old catalog]
9 (RLIN) 57480
245 00 - TITLE STATEMENT
Title H. G. Wells and his critics /
Statement of responsibility, etc. Ingvald Raknem.
260 ## - PUBLICATION, DISTRIBUTION, ETC. (IMPRINT)
Place of publication, distribution, etc. Oslo :
Name of publisher, distributor, etc. Universitetsforlaget,
Date of publication, distribution, etc. c1962.
300 ## - PHYSICAL DESCRIPTION
Pagination 475 p. ;
Size 23 cm.
600 10 - SUBJECT ADDED ENTRY--PERSONAL NAME
Personal name Wells, H. G.
Fuller form of name (Herbert George),
Dates associated with a name 1866-1946
General subdivision Criticism and interpretation
-- History..
650 ## - SUBJECT ADDED ENTRY--TOPICAL TERM
Topical term or geographic name as entry element English literature
9 (RLIN) 57482
942 ## - ADDED ENTRY ELEMENTS (KOHA)
Source of classification or shelving scheme Dewey Decimal Classification
Koha item type Books
Holdings
Lost status Source of classification or shelving scheme Damaged status Not for loan Collection code Permanent Location Current Location Shelving location Date acquired Source of acquisition Cost, normal purchase price Total Checkouts Full call number Date last seen Copy number Koha item type
  Dewey Decimal Classification     Fiction Central Library, University of Rajshahi Central Library, University of Rajshahi Reading Room 20/08/1987 Zeitlinger 80.00   823.9 RAH 1962 22/02/2014 C-2 Books
  Dewey Decimal Classification   Added to bundle Fiction Central Library, University of Rajshahi Central Library, University of Rajshahi Reading Room 20/08/1969 Zeithlinger. 60.00   823.9 RAH 1962 03/03/2014 C-1 Books